00319nam a2200121 a 4500008004100000050001700041100001500058245004800073260004200121300001200163350000900175650001300184120416s1984 ||||||||||||||||| || u aQH 452.7 Qua aHill, W. G10aQuantitative geneticscedited by W. G. Hill aNew YorkbVan Nostrand Reinholdc1984 a2 vols. a0.00 0aGENETICS